[Event "14. Lichtenberger Sommer"]
[Site "14. Lichtenberger Sommer"]
[Date "2015.08.17"]
[Round "3.38"]
[White "Sidabras, Jonas"]
[Black "Giemsa, Stephan"]
[Result "1/2-1/2"]
[WhiteElo "1819"]
[BlackElo "2336"]
[PlyCount "43"]
[EventDate "2015.??.??"]
[WhiteTeam "SC Kreuzberg"]
[BlackTeam "SK König Tegel"]

1. d4 Nf6 2. c4 g6 3. Nc3 d5 4. cxd5 Nxd5 5. g3 Bg7 6. Bg2 Nb6 7. Nf3 Nc6 8. e3
O-O 9. O-O Re8 10. b3 e5 11. dxe5 Qxd1 12. Rxd1 Nxe5 13. Nxe5 Bxe5 14. Bb2 c6
15. h3 Be6 16. Na4 Bxb2 17. Nxb2 a5 18. Nd3 Bd5 19. Nc5 Bxg2 20. Kxg2 Re7 21.
e4 a4 22. g4 1/2-1/2

[Event "14. Lichtenberger Sommer"]
[Site "14. Lichtenberger Sommer"]
[Date "2015.08.17"]
[Round "3.39"]
[White "Matitschka, Heinz"]
[Black "Plump, Detlef"]
[Result "0-1"]
[WhiteElo "1910"]
[BlackElo "2216"]
[PlyCount "56"]
[EventDate "2015.??.??"]
[WhiteTeam "TSG Oberschöneweide"]
[BlackTeam "Bremer SG von 1877"]

1. d4 Nf6 2. c4 e6 3. Nc3 Bb4 4. e3 O-O 5. Nge2 d5 6. a3 Be7 7. Nf4 Bd6 8. cxd5
Bxf4 9. exf4 exd5 10. Be2 Re8 11. O-O Nc6 12. Be3 Ne7 13. g4 Ne4 14. Rc1 c6 15.
b4 Qd6 16. Nxe4 dxe4 17. Rc5 Nd5 18. Qc1 Bd7 19. Kh1 b6 20. Rc2 a5 21. f5 axb4
22. axb4 Qxb4 23. Rxc6 Bxc6 24. Qxc6 Red8 25. Rc1 Nxe3 26. fxe3 Qd2 27. Rc2
Ra1+ 28. Kg2 Qxe3 0-1

[Event "14. Lichtenberger Sommer"]
[Site "14. Lichtenberger Sommer"]
[Date "2015.08.17"]
[Round "3.40"]
[White "De Sallier, Francois"]
[Black "Mauch, Johannes"]
[Result "1-0"]
[WhiteElo "2131"]
[BlackElo "1795"]
[PlyCount "67"]
[EventDate "2015.??.??"]
[WhiteTeam "Club du Canal St-Martin Paris"]
[BlackTeam "fb Jena"]

1. e4 e6 2. d3 d5 3. Nd2 Nf6 4. Ngf3 Nc6 5. e5 Nd7 6. d4 f6 7. Bb5 a6 8. Bxc6
bxc6 9. O-O c5 10. c3 cxd4 11. cxd4 fxe5 12. dxe5 c5 13. Qa4 Rb8 14. Qg4 Qe7
15. Re1 Rb4 16. Qg3 Qf7 17. a3 Rb6 18. Ng5 Qg6 19. Ndf3 h6 20. Nh4 Qh5 21. Nh3
g5 22. Nf3 Rb3 23. Re3 Rxe3 24. Bxe3 Rg8 25. Rc1 g4 26. Nf4 Qf7 27. Nd4 Nxe5
28. Nfxe6 Bxe6 29. Qxe5 Rg6 30. Qb8+ Ke7 31. Bf4 Bd7 32. Qc7 Ke8 33. Nc6 Be7
34. Qb8+ 1-0

[Event "14. Lichtenberger Sommer"]
[Site "14. Lichtenberger Sommer"]
[Date "2015.08.17"]
[Round "3.41"]
[White "Relea, Nicolas"]
[Black "Seefeld, Marc"]
[Result "1-0"]
[WhiteElo "2085"]
[BlackElo "1894"]
[PlyCount "63"]
[EventDate "2015.??.??"]
[WhiteTeam "Club d'Echecs de Condom"]
[BlackTeam "Läufer Reinickendorf"]

1. e4 g6 2. Nc3 Bg7 3. f4 d6 4. Bc4 e5 5. d3 exf4 6. Bxf4 Nf6 7. Qd2 Be6 8. Bb3
Bxb3 9. axb3 Nbd7 10. Nf3 Nc5 11. O-O O-O 12. Bh6 Ne6 13. Bxg7 Kxg7 14. d4 c6
15. d5 Qb6+ 16. Kh1 Nc5 17. Qf4 Qd8 18. b4 Nh5 19. Qd2 Na6 20. dxc6 Qb6 21. b5
Nc5 22. Nd5 Nxe4 23. Nxb6 Nxd2 24. Nxa8 Nxf1 25. cxb7 Ne3 26. Nc7 Nf6 27. Rxa7
Nd7 28. Nd4 Ng4 29. Nde6+ fxe6 30. Nxe6+ Kf7 31. Nxf8 Kxf8 32. Ra8+ 1-0

[Event "14. Lichtenberger Sommer"]
[Site "14. Lichtenberger Sommer"]
[Date "2015.08.17"]
[Round "3.42"]
[White "Hannebauer, Torsten"]
[Black "Kapp, Frank"]
[Result "1-0"]
[WhiteElo "2166"]
[BlackElo "1908"]
[PlyCount "143"]
[EventDate "2015.??.??"]
[WhiteTeam "DB Woltersdorf"]
[BlackTeam "TSV IFA Chemnitz"]

1. e4 e6 2. d4 d5 3. Nd2 c5 4. exd5 exd5 5. Ngf3 Nc6 6. Bb5 Bd6 7. O-O Nge7 8.
dxc5 Bxc5 9. Nb3 Bd6 10. c3 O-O 11. Bd3 Bf5 12. Nbd4 Nxd4 13. Nxd4 Bxd3 14.
Qxd3 a6 15. Be3 Qc7 16. g3 Be5 17. Rad1 Qc4 18. Nf3 Bf6 19. Qxc4 dxc4 20. Rd7
b5 21. Bc5 Rfe8 22. g4 Nc6 23. Rfd1 Red8 24. g5 Rxd7 25. Rxd7 Ne5 26. Nxe5 Bxe5
27. h4 g6 28. Kg2 Bf4 29. Rd1 h6 30. Be7 hxg5 31. hxg5 Be5 32. Kf3 Re8 33. Rd7
a5 34. Ke4 Bd6 35. Rd8 Rxd8 36. Bxd8 Bc5 37. f4 a4 38. Bf6 a3 39. bxa3 Bxa3 40.
Kd5 Kf8 41. Be5 Ke7 42. Kc6 b4 43. cxb4 Bxb4 44. Kb5 Ba3 45. Kxc4 Kd7 46. Kb3
Bc5 47. a4 Kc6 48. Kc4 Bb6 49. Bd4 Bc7 50. Be3 Ba5 51. Bc1 Bd8 52. Bb2 Bc7 53.
Be5 Ba5 54. Kd4 Bd8 55. Ke4 Ba5 56. Bb8 Bc3 57. Be5 Ba5 58. Bd4 Bc7 59. Bc3 Bd8
60. a5 Bc7 61. Bd2 Kb5 62. Kd5 Bb8 63. a6 Kxa6 64. Kc6 Ba7 65. Kd7 Kb5 66. Ke7
Kc4 67. Kxf7 Kd3 68. Bc1 Bb8 69. Kxg6 Kc2 70. f5 Kxc1 71. f6 Kd2 72. Kf7 1-0

[Event "14. Lichtenberger Sommer"]
[Site "14. Lichtenberger Sommer"]
[Date "2015.08.17"]
[Round "3.43"]
[White "Rollwitz, Jürgen"]
[Black "Osipenko, Pavel"]
[Result "1/2-1/2"]
[WhiteElo "1950"]
[BlackElo "2042"]
[PlyCount "75"]
[EventDate "2015.??.??"]
[WhiteTeam "SC Rochade (Berlin)"]
[BlackTeam "Oryol"]

1. e4 c5 2. Nc3 d6 3. Nf3 Nf6 4. Be2 g6 5. O-O Bg7 6. d4 cxd4 7. Nxd4 Nc6 8.
Be3 O-O 9. Qd2 Bd7 10. Kh1 Ng4 11. Bxg4 Bxg4 12. f3 Bd7 13. Nde2 Ne5 14. b3 Rc8
15. Rac1 Bc6 16. Bh6 Qd7 17. Bxg7 Kxg7 18. Ng3 h5 19. Nd5 Bxd5 20. Qxd5 Qc6 21.
Qd2 Qc3 22. Rfd1 Qxd2 23. Rxd2 Rc7 24. Ne2 Rfc8 25. c3 Nc6 26. Rcd1 Rd8 27. Kg1
Rcd7 28. Kf2 Kf6 29. Ke3 e5 30. c4 Ke6 31. Nc3 f5 32. g3 Nd4 33. Ne2 Nc6 34. h4
Ne7 35. Nc3 Nc6 36. Ne2 Ne7 37. Nc3 Nc6 38. Ne2 1/2-1/2

[Event "14. Lichtenberger Sommer"]
[Site "14. Lichtenberger Sommer"]
[Date "2015.08.17"]
[Round "3.44"]
[White "Kautz, Stefan"]
[Black "Farnault, Eric"]
[Result "1/2-1/2"]
[WhiteElo "1919"]
[BlackElo "2032"]
[PlyCount "68"]
[EventDate "2015.??.??"]
[WhiteTeam "SC Empor Maulwurf Bonn"]
[BlackTeam "La Diagonale - Eybens"]

1. d4 d5 2. Nf3 Nd7 3. Bf4 Ngf6 4. h3 Ne4 5. e3 Ndf6 6. Ne5 c6 7. f3 Qa5+ 8. c3
Nd6 9. Bd3 Bf5 10. O-O e6 11. g4 Bxd3 12. Qxd3 Be7 13. Nd2 Qd8 14. e4 Nd7 15.
Nxd7 Qxd7 16. e5 Nc8 17. Bg3 h5 18. Kg2 Nb6 19. f4 hxg4 20. hxg4 g6 21. Rh1
O-O-O 22. g5 Kb8 23. Bf2 Qc8 24. b4 Na4 25. Qc2 b5 26. Qd3 Rxh1 27. Rxh1 Rh8
28. Nb1 Nb2 29. Rxh8 Qxh8 30. Qh3 Qxh3+ 31. Kxh3 a5 32. a3 Nc4 33. Kg4 Kc7 34.
Kf3 a4 1/2-1/2

[Event "14. Lichtenberger Sommer"]
[Site "14. Lichtenberger Sommer"]
[Date "2015.08.17"]
[Round "3.45"]
[White "Bandsom, Olaf"]
[Black "Schäfer, Heiko"]
[Result "0-1"]
[WhiteElo "1802"]
[BlackElo "2085"]
[PlyCount "143"]
[EventDate "2015.??.??"]
[WhiteTeam "SC Friesen Lichtenberg"]
[BlackTeam "Potsdamer SV"]

1. e4 e6 2. d4 d5 3. Nc3 Nf6 4. e5 Nfd7 5. f4 c5 6. Nf3 Nc6 7. Be3 a6 8. a4 Qb6
9. Rb1 cxd4 10. Nxd4 Bc5 11. Nce2 O-O 12. c3 f6 13. b4 Bxd4 14. Bxd4 Nxd4 15.
cxd4 fxe5 16. fxe5 Nxe5 17. dxe5 Qf2+ 18. Kd2 Bd7 19. Qb3 Rac8 20. Qg3 Qf5 21.
Rb2 Bxa4 22. Nd4 Qe4 23. Qe3 Rc1 24. Qxe4 Rd1+ 25. Ke2 dxe4 26. Nxe6 Rdxf1 27.
Rxf1 Bb5+ 28. Ke3 Rxf1 29. Kxe4 Bc6+ 30. Kd4 Rd1+ 31. Ke3 Re1+ 32. Kf4 g6 33.
Ng5 h6 34. Nf3 Re4+ 35. Kg3 Kf7 36. Rf2 Re3 37. Rd2 Bxf3 38. gxf3 Rxe5 39. Rd7+
Re7 40. Rd6 h5 41. Kf4 Kg7 42. h3 Kh6 43. h4 Rf7+ 44. Kg3 Rf5 45. Rb6 Rf7 46.
Rd6 Kg7 47. Re6 Rd7 48. Rb6 Kh7 49. Re6 Rg7 50. Rb6 Rc7 51. Re6 Kg7 52. Rd6 b5
53. Rxa6 Rc4 54. Ra7+ Kf6 55. Ra6+ Kf5 56. Rd6 Rxb4 57. Rd5+ Ke6 58. Rg5 Kf6
59. Rc5 Rb1 60. Rc6+ Kf5 61. Rc5+ Ke6 62. Kg2 Rb4 63. Kg3 Kf6 64. Rc6+ Kg7 65.
Rb6 Rb1 66. Kg2 b4 67. Kh2 b3 68. Kg2 b2 69. Kh2 Kf7 70. Kg2 Ke7 71. Kh2 Kd7
72. Rxg6 0-1

[Event "14. Lichtenberger Sommer"]
[Site "14. Lichtenberger Sommer"]
[Date "2015.08.17"]
[Round "3.46"]
[White "Bieber, Rainer"]
[Black "Niechotz, Christopher"]
[Result "1-0"]
[WhiteElo "1745"]
[BlackElo "2120"]
[PlyCount "74"]
[EventDate "2015.??.??"]
[WhiteTeam "SV Empor Berlin"]
[BlackTeam "SC Kreuzberg"]

1. e4 e5 2. Nf3 Nc6 3. Bc4 Bc5 4. O-O d6 5. h3 Nf6 6. d3 a6 7. a4 h6 8. c3 Ba7
9. Bb3 O-O 10. Nbd2 Re8 11. Re1 Be6 12. Bc2 Qd7 13. Nf1 d5 14. exd5 Bxd5 15.
Ng3 Rad8 16. Be3 Bxe3 17. Rxe3 Re7 18. b4 b5 19. axb5 axb5 20. Ne4 Nxe4 21.
dxe4 Bc4 22. Qxd7 Rexd7 23. Ra6 Rd6 24. h4 Nd4 25. Rxd6 Nxf3+ 26. gxf3 Rxd6 27.
Kg2 Rd2 28. Bb1 Rd1 29. Bc2 Rd2 30. Bb1 Rd1 31. Bc2 Rc1 32. Bd3 Rxc3 33. Bxc4
Rxe3 34. fxe3 bxc4 35. Kf2 h5 36. f4 g6 37. Ke2 f6 1-0

[Event "14. Lichtenberger Sommer"]
[Site "14. Lichtenberger Sommer"]
[Date "2015.08.17"]
[Round "3.48"]
[White "Schmidt, Markus"]
[Black "Grassi, Fabrizio"]
[Result "1-0"]
[WhiteElo "2108"]
[BlackElo "1870"]
[PlyCount "41"]
[EventDate "2015.??.??"]
[WhiteTeam "SK Turm Bad Hersfeld"]
[BlackTeam "SV Berlin-Friedrichstadt"]

1. e4 d5 2. exd5 Nf6 3. d4 Nxd5 4. Nf3 Bg4 5. h3 Bh5 6. c4 Nb6 7. c5 N6d7 8.
Qb3 Nc6 9. Nbd2 e5 10. Qxb7 Nxd4 11. Nxd4 exd4 12. Bb5 Qe7+ 13. Ne4 Rd8 14. O-O
f5 15. Bg5 Qxe4 16. Rfe1 Bg6 17. Rxe4+ fxe4 18. Bxd8 Kxd8 19. Qd5 Be8 20. Bxd7
Bxd7 21. c6 1-0

[Event "14. Lichtenberger Sommer"]
[Site "14. Lichtenberger Sommer"]
[Date "2015.08.17"]
[Round "3.49"]
[White "Ziems, Michael"]
[Black "Daverkausen, Bernd"]
[Result "0-1"]
[WhiteElo "1821"]
[BlackElo "2137"]
[PlyCount "59"]
[EventDate "2015.??.??"]
[WhiteTeam "SV Empor Berlin"]
[BlackTeam "SC Zugzwang 95 (Berlin)"]

1. d4 Nf6 2. c4 g6 3. Nc3 Bg7 4. e4 d6 5. f3 O-O 6. Be3 c5 7. dxc5 dxc5 8. Qxd8
Rxd8 9. Bxc5 Nc6 10. Rd1 Rxd1+ 11. Kxd1 Nd7 12. Be3 b6 13. a3 Ba6 14. Kc2 Rc8
15. Nh3 Nd4+ 16. Bxd4 Bxd4 17. Nd5 Kf8 18. b3 b5 19. Nb4 Bb7 20. Nf4 Ne5 21.
Nbd5 bxc4 22. b4 e6 23. Nc3 Be3 24. Nfe2 Rd8 25. Nb1 Nd3 26. h4 Nf2 27. Rh2 Rd1
28. Ng3 Bf4 29. Bxc4 Rc1+ 30. Kb2 0-1

[Event "14. Lichtenberger Sommer"]
[Site "14. Lichtenberger Sommer"]
[Date "2015.08.17"]
[Round "3.50"]
[White "Alvarez, Luis"]
[Black "Zschäbitz, Klaus"]
[Result "0-1"]
[WhiteElo "1853"]
[BlackElo "2061"]
[PlyCount "98"]
[EventDate "2015.??.??"]
[WhiteTeam "Zug um Zug Everswinkel"]
[BlackTeam "Berliner SchGes Eckbauer"]

1. e4 e6 2. d4 d5 3. e5 c5 4. c3 Qb6 5. Nf3 Nc6 6. Bd3 cxd4 7. cxd4 Bd7 8. O-O
Nxd4 9. Nbd2 Nc6 10. Nb3 Qc7 11. Bf4 Nge7 12. Rc1 Ng6 13. Bg3 Qd8 14. h4 Be7
15. h5 Nh4 16. Re1 Nxf3+ 17. Qxf3 Rc8 18. Qg4 Bg5 19. f4 Bh6 20. Kh2 Qb6 21.
Qf3 g6 22. Bf2 Qb4 23. g3 b6 24. Ba6 Rd8 25. Bd3 Rc8 26. Ba6 Rb8 27. Bd3 a5 28.
Bc2 Qe7 29. a3 a4 30. Nd4 Na5 31. Bd3 b5 32. Rc2 Nc4 33. Qe2 Bg7 34. Kg2 O-O
35. Nf3 Rfc8 36. Rh1 b4 37. hxg6 hxg6 38. Bxc4 Rxc4 39. Rxc4 dxc4 40. axb4 Qxb4
41. Bd4 Bc6 42. Kh3 Bf8 43. Bc3 Qb7 44. Rf1 Be4 45. Rf2 Bc5 46. Nd4 Qd5 47. Nc2
Bxf2 48. Qxf2 Qd1 49. Ne1 Qh5# 0-1

[Event "14. Lichtenberger Sommer"]
[Site "14. Lichtenberger Sommer"]
[Date "2015.08.17"]
[Round "3.51"]
[White "Richter, Götz"]
[Black "Glasser, Timon"]
[Result "0-1"]
[WhiteElo "2088"]
[BlackElo "1720"]
[PlyCount "42"]
[EventDate "2015.??.??"]
[WhiteTeam "Klub Kölner SF"]
[BlackTeam "La Diagonale - Eybens"]

1. e4 d6 2. d4 e5 3. dxe5 dxe5 4. Qxd8+ Kxd8 5. f4 Nc6 6. Nf3 f6 7. Bc4 Bd6 8.
fxe5 Nxe5 9. Nxe5 Bxe5 10. Nd2 Ne7 11. Nf3 Ng6 12. h4 Bg3+ 13. Kf1 Re8 14. Bd3
b6 15. h5 Ne5 16. Be3 Nxd3 17. cxd3 Ba6 18. Rh3 Bxd3+ 19. Kg1 Bd6 20. e5 fxe5
21. Bg5+ Kc8 0-1

[Event "14. Lichtenberger Sommer"]
[Site "14. Lichtenberger Sommer"]
[Date "2015.08.17"]
[Round "3.52"]
[White "Rehmsmeier, Marc"]
[Black "Albrecht, Rainer"]
[Result "1/2-1/2"]
[WhiteElo "1649"]
[BlackElo "2072"]
[PlyCount "140"]
[EventDate "2015.??.??"]
[WhiteTeam "vereinslos"]
[BlackTeam "SC Kreuzberg"]

1. d4 e6 2. c4 f5 3. Nf3 Nf6 4. g3 Be7 5. Bg2 O-O 6. O-O d6 7. b3 Ne4 8. Bb2
Bf6 9. Nfd2 d5 10. Nxe4 fxe4 11. Ba3 Re8 12. cxd5 exd5 13. e3 b6 14. Nd2 Be6
15. Rc1 Nd7 16. Rc6 Rc8 17. Qc2 Nb8 18. Rc3 c5 19. Rd1 cxd4 20. exd4 Qd7 21.
Rxc8 Rxc8 22. Qb2 g6 23. Nf1 Nc6 24. Ne3 Qg7 25. Nc2 Bg4 26. Rd2 Bg5 27. Ne3
Be6 28. Qa1 Qh6 29. Qe1 Bf6 30. Bxe4 dxe4 31. d5 Nd4 32. Rxd4 Bxd4 33. dxe6 Qh3
34. e7 Qe6 35. Qe2 Bc5 36. Qa6 Bxa3 37. Qxa3 a5 38. Nc4 Re8 39. Qd6 Qxd6 40.
Nxd6 Rxe7 41. Kf1 e3 42. f3 Rd7 43. Nc4 Rd1+ 44. Ke2 Rh1 45. Kxe3 Rxh2 46. a4
h5 47. Nxb6 Rb2 48. Nc4 Rxb3+ 49. Ke2 Rb4 50. Nxa5 Rxa4 51. Nc6 g5 52. Ne5 Kg7
53. g4 hxg4 54. Nxg4 Kg6 55. Kf2 Kf5 56. Kg3 Ra3 57. Nf2 Ra1 58. Nh3 Rb1 59.
Nf2 Rb4 60. Ng4 Rxg4+ 61. fxg4+ Ke4 62. Kg2 Kf4 63. Kh3 Kf3 64. Kh2 Kxg4 65.
Kg2 Kf4 66. Kf2 g4 67. Kg2 g3 68. Kg1 Kf3 69. Kf1 g2+ 70. Kg1 Kg3 1/2-1/2

[Event "14. Lichtenberger Sommer"]
[Site "14. Lichtenberger Sommer"]
[Date "2015.08.17"]
[Round "3.53"]
[White "Stein, Siegfried"]
[Black "Badestein, Hartmut"]
[Result "0-1"]
[WhiteElo "1713"]
[BlackElo "2055"]
[PlyCount "86"]
[EventDate "2015.??.??"]
[WhiteTeam "SV Berolina Mitte"]
[BlackTeam "SC Friesen Lichtenberg"]

1. e4 c6 2. d4 d5 3. exd5 cxd5 4. c3 Nc6 5. Bd3 Nf6 6. Nf3 g6 7. O-O Bf5 8. Re1
Bxd3 9. Qxd3 Bg7 10. Nbd2 O-O 11. Nf1 Rc8 12. Ng3 Qc7 13. h4 h5 14. Bg5 Ng4 15.
Re2 e6 16. Rae1 Rfe8 17. Nf1 Ne7 18. Bxe7 Qxe7 19. g3 Bf6 20. Ne3 Nxe3 21. Qxe3
Qc7 22. Qh6 Bg7 23. Qg5 Qd8 24. Qf4 Qf6 25. Qxf6 Bxf6 26. Ne5 Bxe5 27. Rxe5 Kg7
28. f4 Red8 29. Kf2 b5 30. a3 a5 31. R5e3 Rd7 32. a4 bxa4 33. Ra1 Rb7 34. Re2
Rc4 35. Ra2 Rb3 36. Rc2 Kf6 37. Ra3 Kf5 38. Rxb3 axb3 39. Re2 Ra4 40. Kf3 Ra2
41. Re5+ Kf6 42. Re1 Rxb2 43. Ra1 Ra2 0-1

[Event "14. Lichtenberger Sommer"]
[Site "14. Lichtenberger Sommer"]
[Date "2015.08.17"]
[Round "3.54"]
[White "Ouadi, Wahbi"]
[Black "Lischeid, Kilian"]
[Result "0-1"]
[WhiteElo "1962"]
[BlackElo "1652"]
[PlyCount "120"]
[EventDate "2015.??.??"]
[WhiteTeam "La Diagonale - Eybens"]
[BlackTeam "Schachunion Berlin"]

1. e4 c5 2. Nf3 Nc6 3. Bb5 g6 4. O-O Nd4 5. Nxd4 cxd4 6. d3 Bg7 7. Bg5 Qa5 8.
Na3 a6 9. Bd2 Qd8 10. Bc4 d6 11. f4 e6 12. f5 Nf6 13. Bg5 O-O 14. fxg6 fxg6 15.
Bb3 b5 16. Qe1 h6 17. Bh4 Qc7 18. e5 dxe5 19. Bxf6 Bxf6 20. Qe4 Bb7 21. Qxg6+
Qg7 22. Bxe6+ Kh8 23. Qxg7+ Kxg7 24. Rae1 Bg5 25. c3 Be3+ 26. Kh1 Bd2 27. Rd1
dxc3 28. bxc3 Bxc3 29. Nb1 Ba5 30. h3 Rae8 31. Bd7 Rd8 32. Bf5 Bd5 33. a3 Rd6
34. Nd2 Bxd2 35. Rxd2 Rdf6 36. Rdf2 e4 37. Kh2 e3 38. Re2 Rxf5 39. Rxf5 Rxf5
40. Rxe3 Rf2 41. Rg3+ Kf6 42. h4 Ra2 43. d4 Rd2 44. h5 Be4 45. Rg8 Rxd4 46. Kg3
Bf5 47. Kf3 Ra4 48. Ke3 Rxa3+ 49. Kd4 b4 50. g4 Bc2 51. Rb8 Ra4 52. Rf8+ Kg5
53. Rg8+ Kh4 54. g5 hxg5 55. h6 b3+ 56. Kc3 Kh5 57. h7 Bxh7 58. Rh8 Kg6 59.
Kxb3 Ra5 60. Rd8 Kf5 0-1

[Event "14. Lichtenberger Sommer"]
[Site "14. Lichtenberger Sommer"]
[Date "2015.08.17"]
[Round "3.55"]
[White "Püschel, Werner"]
[Black "Krüger, Ekkehard"]
[Result "1-0"]
[WhiteElo "2049"]
[BlackElo "1813"]
[PlyCount "113"]
[EventDate "2015.??.??"]
[WhiteTeam "Lasker Steglitz-Wilmersdorf"]
[BlackTeam "Narva Berlin"]

1. Nf3 d5 2. c4 e6 3. b3 Nf6 4. g3 c5 5. Bg2 Nc6 6. Bb2 d4 7. O-O Bd6 8. d3 O-O
9. Nbd2 e5 10. a3 Re8 11. Ng5 Bf8 12. Qc2 Bg4 13. Rae1 Qd7 14. h3 Bf5 15. g4
Bg6 16. Bc1 h5 17. f3 Rad8 18. Rf2 Be7 19. Nf1 Nh7 20. gxh5 Bxh5 21. h4 Nxg5
22. hxg5 f6 23. Ng3 Bg6 24. f4 exf4 25. Bxf4 Rf8 26. Bd5+ Bf7 27. gxf6 Bxf6 28.
Be4 Ne7 29. Qc1 Bg6 30. Bf3 Bh4 31. Rg2 Rf7 32. Rf1 Rdf8 33. Bg5 Qh3 34. Bxe7
Rxe7 35. Bd5+ Bf7 36. Nf5 Bxd5 37. Nxe7+ Bxe7 38. Rxf8+ Bxf8 39. cxd5 Qf5 40.
Qg5 Qxg5 41. Rxg5 Kf7 42. Rf5+ Ke8 43. Kg2 Be7 44. Kf3 Bf6 45. Ke4 Kd7 46. Rf1
Kd6 47. Rh1 a5 48. a4 Kd7 49. Rh8 Kd6 50. Ra8 b6 51. Rc8 Kd7 52. Rc6 Bd8 53.
Kf5 g5 54. Rg6 Kc7 55. Ke6 Kc8 56. d6 g4 57. Rxg4 1-0

[Event "14. Lichtenberger Sommer"]
[Site "14. Lichtenberger Sommer"]
[Date "2015.08.17"]
[Round "3.56"]
[White "Albinus, Günter"]
[Black "Kornrumpf, Joachim"]
[Result "0-1"]
[WhiteElo "1887"]
[BlackElo "2046"]
[PlyCount "60"]
[EventDate "2015.??.??"]
[WhiteTeam "SG Weißensee 49"]
[BlackTeam "Preetzer TSV"]

1. Nf3 c5 2. e4 e6 3. d4 cxd4 4. Nxd4 a6 5. a4 b6 6. Be3 Bb7 7. f3 d6 8. Bd3
Nf6 9. Qd2 Nbd7 10. c3 Be7 11. Qf2 O-O 12. O-O Ne5 13. Rd1 Nxd3 14. Rxd3 Qc7
15. Qg3 Rfd8 16. Na3 Nd7 17. Nb3 Rac8 18. Rd4 d5 19. Qxc7 Rxc7 20. exd5 Bxd5
21. c4 Bxa3 22. Rd2 Bb4 23. cxd5 Bxd2 24. Bxd2 exd5 25. a5 b5 26. Be3 Re8 27.
Rc1 Rxc1+ 28. Bxc1 Ne5 29. Bd2 Nd3 30. Bc3 b4 0-1

[Event "14. Lichtenberger Sommer"]
[Site "14. Lichtenberger Sommer"]
[Date "2015.08.17"]
[Round "3.57"]
[White "Casny, Guenter"]
[Black "Steinert, Christian"]
[Result "1-0"]
[WhiteElo "1838"]
[BlackElo "1971"]
[PlyCount "43"]
[EventDate "2015.??.??"]
[WhiteTeam "SC Rochade (Berlin)"]
[BlackTeam "SV Empor Berlin"]

1. e4 e5 2. Nf3 Nc6 3. Bb5 a6 4. Ba4 Nf6 5. d3 d6 6. h3 b5 7. Bb3 Na5 8. Nbd2
c5 9. O-O Be7 10. c4 O-O 11. Re1 Bd7 12. Bc2 Nc6 13. b3 Ne8 14. Nf1 Nc7 15. Ne3
g6 16. Bb2 b4 17. Nd5 Ne6 18. a3 a5 19. axb4 Nxb4 20. Bc3 Nxd5 21. exd5 f5 22.
dxe6 1-0

[Event "14. Lichtenberger Sommer"]
[Site "14. Lichtenberger Sommer"]
[Date "2015.08.17"]
[Round "3.58"]
[White "Lieder, Günter"]
[Black "Dreke, Frank"]
[Result "1-0"]
[WhiteElo "1849"]
[BlackElo "2003"]
[PlyCount "75"]
[EventDate "2015.??.??"]
[WhiteTeam "SK Turm Bad Hersfeld"]
[BlackTeam "SV Mattnetz Berlin"]

1. e4 Nf6 2. e5 Nd5 3. c4 Nb6 4. b3 d6 5. exd6 Qxd6 6. Bb2 c5 7. Nc3 e5 8. g3
Nc6 9. Nb5 Qd8 10. Bg2 Nb4 11. Be4 a6 12. Na3 Nd3+ 13. Bxd3 Qxd3 14. Qe2 Qxe2+
15. Nxe2 Bg4 16. Nc2 O-O-O 17. Ne3 Bf3 18. Rg1 f6 19. g4 h6 20. Nf5 Rd3 21. Nc1
Rd7 22. Ne2 Na8 23. Nh4 Be4 24. Ng3 Bd3 25. Nhf5 Nc7 26. Ne3 Ne6 27. Nd5 Kb8
28. Nf5 Nf4 29. Nxf4 exf4 30. O-O-O g6 31. Nh4 Bg7 32. Rde1 Kc8 33. Re6 Rf8 34.
Rge1 Kc7 35. Bc3 Rff7 36. Ba5+ Kb8 37. Bb6 Rf8 38. Re8+ 1-0

[Event "14. Lichtenberger Sommer"]
[Site "14. Lichtenberger Sommer"]
[Date "2015.08.17"]
[Round "3.59"]
[White "Schneider, Eckehard"]
[Black "Wierzbicki, Jirawat"]
[Result "1/2-1/2"]
[WhiteElo "1780"]
[BlackElo "1961"]
[PlyCount "79"]
[EventDate "2015.??.??"]
[WhiteTeam "SF 1903 Berlin"]
[BlackTeam "SK König Tegel"]

1. e4 e5 2. Nf3 Nc6 3. d4 exd4 4. Nxd4 Nf6 5. Nxc6 bxc6 6. e5 Qe7 7. Qe2 Nd5 8.
c4 Ba6 9. b3 g6 10. Bb2 Bg7 11. g3 O-O 12. Bg2 Rae8 13. O-O Bxe5 14. Bxe5 Qxe5
15. Qxe5 Rxe5 16. cxd5 Bxf1 17. Kxf1 cxd5 18. Nd2 Rfe8 19. Bf3 c5 20. Rd1 a5
21. Nb1 d4 22. Na3 d5 23. Rc1 d3 24. Rd1 Re2 25. Rxd3 Rxa2 26. Nb5 Rb8 27. Nd6
Rb6 28. Bxd5 Rxd6 29. Bxf7+ Kxf7 30. Rxd6 Ra3 31. Rc6 Rxb3 32. Rxc5 a4 33. Rc7+
Kg8 34. Ra7 Ra3 35. g4 Ra2 36. Kg2 g5 37. Kg3 a3 38. h4 gxh4+ 39. Kxh4 Rxf2 40.
Rxa3 1/2-1/2

[Event "14. Lichtenberger Sommer"]
[Site "14. Lichtenberger Sommer"]
[Date "2015.08.17"]
[Round "3.60"]
[White "Zeller, Elisa"]
[Black "Feyer, Leon"]
[Result "1/2-1/2"]
[WhiteElo "1947"]
[BlackElo "1783"]
[PlyCount "125"]
[EventDate "2015.??.??"]
[WhiteTeam "SF Göppingen"]
[BlackTeam "SV Empor Berlin"]

1. e4 e5 2. Nf3 Nc6 3. Bb5 a6 4. Ba4 Nf6 5. O-O b5 6. Bb3 d6 7. Re1 Na5 8. d4
Nxb3 9. axb3 exd4 10. Nxd4 Be7 11. Nxb5 Bg4 12. f3 axb5 13. Rxa8 Qxa8 14. fxg4
O-O 15. Nc3 Qb7 16. g5 Nd7 17. Nd5 Bd8 18. Bf4 Re8 19. Qg4 c6 20. Nc3 Ne5 21.
Qd1 Qd7 22. h3 Qe6 23. Kh1 Bb6 24. Qd2 Bc5 25. Nd1 Ra8 26. Ne3 Ng6 27. Bg3 Qxe4
28. Nc4 Qd4 29. Qxd4 Bxd4 30. Nxd6 Bxb2 31. Kh2 Bc3 32. Re3 Bd2 33. Rf3 Bxg5
34. Nxf7 Bf6 35. Nh6+ Kh8 36. Ng4 Bd4 37. Rd3 Bb6 38. Rd6 Rc8 39. Re6 Bd4 40.
h4 Kg8 41. h5 Nf8 42. Rd6 Bc5 43. Rd3 Ne6 44. h6 Rd8 45. Rc3 b4 46. Rc4 Rd4 47.
hxg7 Rxc4 48. bxc4 Kxg7 49. Ne5 Nd8 50. Bh4 Bd6 51. Bg3 Kf6 52. Nd3 Bxg3+ 53.
Kxg3 Ke6 54. Nxb4 Ke5 55. c3 Ke4 56. c5 Ke3 57. Kg4 Kd2 58. c4 Kc3 59. Na6 Kxc4
60. Kh5 Kb5 61. Nb8 Kxc5 62. Nxc6 Nxc6 63. Kh6 1/2-1/2

[Event "14. Lichtenberger Sommer"]
[Site "14. Lichtenberger Sommer"]
[Date "2015.08.17"]
[Round "3.61"]
[White "Birkholz, Axel"]
[Black "Olaizola, Miguel"]
[Result "0-1"]
[WhiteElo "1895"]
[BlackElo "1804"]
[PlyCount "54"]
[EventDate "2015.??.??"]
[WhiteTeam "SR Spaichingen"]
[BlackTeam "SK Zehlendorf"]

1. e4 d5 2. exd5 c6 3. d4 cxd5 4. c4 Nf6 5. Nc3 e6 6. Nf3 Be7 7. cxd5 Nxd5 8.
Bd3 O-O 9. O-O Nc6 10. Re1 h6 11. Bd2 Ndb4 12. Be3 Nxd3 13. Qxd3 Nb4 14. Qd2 b6
15. Ne5 Bb7 16. Nd3 Nxd3 17. Qxd3 Bd6 18. Rac1 Qh4 19. h3 Rad8 20. Qe2 f5 21.
Bd2 Rf6 22. Nd1 Bxg2 23. Ne3 Qxh3 24. f4 Bf3 25. Qc4 Rg6+ 26. Kf2 Qg3+ 27. Kf1
Qg1# 0-1

[Event "14. Lichtenberger Sommer"]
[Site "14. Lichtenberger Sommer"]
[Date "2015.08.17"]
[Round "3.62"]
[White "Körner, Helmut"]
[Black "Janse, Alexander"]
[Result "0-1"]
[WhiteElo "1864"]
[BlackElo "1881"]
[PlyCount "105"]
[EventDate "2015.??.??"]
[WhiteTeam "SF Nordost Berlin"]
[BlackTeam "SSV Klim-Op"]

1. b4 e5 2. Bb2 Bxb4 3. Bxe5 Nf6 4. Nc3 Ba5 5. e3 d6 6. Bxf6 Qxf6 7. Nge2 O-O
8. Rb1 c6 9. g3 Nd7 10. Bg2 Ne5 11. O-O Qh6 12. f3 Nc4 13. Qc1 Re8 14. f4 d5
15. e4 dxe4 16. Bxe4 Bg4 17. Bf3 Bxf3 18. Rxf3 Qh5 19. Kg2 Rad8 20. d3 Nd6 21.
Rb3 b5 22. Re3 b4 23. Ne4 Nxe4 24. dxe4 Bb6 25. Rf3 Rxe4 26. Ng1 Bxg1 27. Kxg1
Rde8 28. Rbe3 Qc5 29. Kf2 Kf8 30. Qd2 Rxe3 31. Rxe3 Qxe3+ 32. Qxe3 Rxe3 33.
Kxe3 Ke7 34. Kd4 Kd6 35. Kc4 a5 36. Kd4 c5+ 37. Kc4 Kc6 38. g4 g6 39. g5 a4 40.
h3 Kd6 41. Kb5 a3 42. Kc4 Kc6 43. c3 bxc3 44. Kxc3 Kd5 45. Kb3 Kd4 46. Kxa3 Kc3
47. Ka4 c4 48. Kb5 Kd3 49. a4 c3 50. a5 c2 51. a6 c1=Q 52. a7 Qc8 53. Kb6 0-1